[Event "Subang Jaya op 12th"]
[Site "Subang Jaya"]
[Date "2024.01.27"]
[Round "2"]
[White "Tan, Jun Hang"]
[Black "Wan Abd Rahim, Wan Mohd Azmie"]
[Result "1/2-1/2"]
[WhiteElo "1320"]
[BlackElo "1667"]
[PlyCount "92"]
[EventDate "2024.01.27"]
[EventType "swiss"]
[EventRounds "8"]
[EventCountry "MAS"]
[SourceTitle "CB06_2024"]
[SourceDate "2024.02.07"]
[SourceVersion "1"]
[SourceVersionDate "2024.02.07"]
[SourceQuality "1"]

1. e4 c6 2. d4 d5 3. e5 Bf5 4. Nf3 e6 5. Bd3 Bxd3 6. Qxd3 Qa5+ 7. Nc3 Qa6 8. Qxa6 Nxa6 9. a3 Ne7 10. 0-0 h5 11. b4 Nc7 12. Bb2 Nf5 13. Na4 a5 14. Nc5 Ra7 15. Rfc1 Be7 16. h3 h4 17. c4 0-0 18. bxa5 dxc4 19. Bc3 Nb5 20. a4 Nxc3 21. Rxc3 Bxc5 22. dxc5 Rxa5 23. Rxc4 Rfa8 24. Rd1 Rxa4 25. Rxa4 Rxa4 26. Rd7 f6 27. Rxb7 Ra1+ 28. Kh2 Rc1 29. exf6 gxf6 30. Rb4 Rxc5 31. Nxh4 Rb5 32. Rg4+ Kf7 33. Nxf5 Rxf5 34. Rc4 c5 35. g4 Rd5 36. Kg3 Ke7 37. h4 Kd6 38. h5 Rd3+ 39. f3 Rd1 40. Rc2 e5 41. h6 Ra1 42. h7 Ra8 43. f4 Rh8 44. Rh2 Ke6 45. Kf3 exf4 46. Kxf4 Kf7 1/2-1/2